| 000 | 01851cam a22004934i 4500 | ||
|---|---|---|---|
| 003 | PE-LiUPU | ||
| 005 | 20250731180115.0 | ||
| 008 | 150623s r 000 0 d | ||
| 035 | _a(Sirsi) a24813 | ||
| 040 |
_aPE-LiUPU _bspa _cPE-LiUPU _erda |
||
| 082 | 0 | 4 |
_a515.723 _bS75 _221 |
| 100 | 1 |
_aSpiegel, Murray R., _eautor. |
|
| 245 | 1 | 0 |
_aTransformadas de Laplace : _bresumo da teoria, problemas / _cMurray R. Spiegel. |
| 264 | 1 |
_aSao Paulo, Brasil : _bMcGraw-Hill, _c1965. |
|
| 300 |
_a344 páginas : _bilustraciones, gráficos ; _c23 cm. |
||
| 336 |
_atext _2rdacontent |
||
| 337 |
_aunmediated _2rdamedia |
||
| 338 |
_avolume _2rdacarrier |
||
| 490 | 0 | _aColecáo Schaum | |
| 504 | _aIncluye bibliografía. | ||
| 505 | 0 | _aA transformada de Laplace. -A transformada inversa de Laplace. -Aplicacoes as equacoes diferenciais. -Aplicacoes as equacoes integrais e equacoes de diferenca. -Teoria das variáveis complexas. -Series e integrais de Fourier. -A fórmula complexa de inversáo. -Aplicacóes a problemas de valor no contorno. | |
| 526 | _aSEG44 | ||
| 526 | _aSEG26 | ||
| 526 | _aP159 | ||
| 526 | _aP155 | ||
| 526 | _aP154 | ||
| 526 | _aP153 | ||
| 526 | _aP150 | ||
| 526 | _aP100 | ||
| 526 | _aP31 | ||
| 526 | _aP30 | ||
| 526 | _aP26 | ||
| 526 | _aP25 | ||
| 526 | _aP24 | ||
| 526 | _aP22 | ||
| 526 | _aP15 | ||
| 526 | _aP10 | ||
| 650 | 0 | 4 |
_aTransformadas de Laplace _xProblemas, ejercicios, etc. |
| 942 |
_2ddc _cBOOK |
||
| 949 |
_a515.723 S75 _wDEWEY _c1 _i49202 _lCCODEBUL1 _mBUL _p00.00 _r0 _sY _tBOOK _u2015-06-24 _xINGENIERIA _zUNKNOWN _0COMPRA _o.STAFF. Colección General |
||
| 596 | _a1 | ||
| 999 |
_a515.723 S75 _wDEWEY _c28347 _i49202 _d28347 _f2021-11-5 _g7 _lCCODEBUL1 _mBUL _q1 _r0 _sY _tBOOK _u2015-6-24 _xBIBLIOTECA _zUNKNOWN _0COMPRA _o.STAFF. Colección General |
||
| 980 |
_81 _gALBERTO SANCHEZ Responsable de Automatización |
||